Verband deutscher Geldhändler.

Transformácia nemeckého zväzu peňažníkov po valnom zhromaždení členov v r. 1991. Členovia novozvoleného predstavenstva a ich orientácia v činnosti zväzu. Stanovy spolku (cieľ a úlohy spolku, otázky členstva, valné zhromaždenie a predstavenstvo, rada zväzu, kolégium poradcov).

Enregistré dans:
Détails bibliographiques
Auteur principal: Goehtz, H.J
Format: Chapitre de livre
Langue:allemand
Sujets:
Tags: Ajouter un tag
Pas de tags, Soyez le premier à ajouter un tag!

MARC

LEADER 00000naa a2200000 4500
001 r010326
005 20221208123512.0
041 0 |a ger 
044 |a DE 
245 1 0 |a Verband deutscher Geldhändler.  |c H.J. Goehtz 
520 |a Transformácia nemeckého zväzu peňažníkov po valnom zhromaždení členov v r. 1991. Členovia novozvoleného predstavenstva a ich orientácia v činnosti zväzu. Stanovy spolku (cieľ a úlohy spolku, otázky členstva, valné zhromaždenie a predstavenstvo, rada zväzu, kolégium poradcov). 
610 2 0 |a peňažníctvo 
610 2 0 |a organizácie 
610 2 0 |a stanovy 
610 2 0 |a Nemecko 
100 1 |a Goehtz, H.J.